Employees Dress Codes-The Changing HR Norms (Record no. 347977)

000 -LEADER
fixed length control field 00487 a2200193 4500
003 - CONTROL NUMBER IDENTIFIER
control field OSt
005 - DATE AND TIME OF LATEST TRANSACTION
control field 20180116182906.0
008 - FIXED-LENGTH DATA ELEMENTS--GENERAL INFORMATION
fixed length control field 160426b xxu||||| |||| 00| 0 eng d
020 ## - INTERNATIONAL STANDARD BOOK NUMBER
International Standard Book Number 614061406140
040 ## - CATALOGING SOURCE
Transcribing agency 0
082 ## - DEWEY DECIMAL CLASSIFICATION NUMBER
Classification number 111
100 ## - MAIN ENTRY--PERSONAL NAME
Personal name V.Sarrani.
110 ## - MAIN ENTRY--CORPORATE NAME
Corporate name or jurisdiction name as entry element ICFAI
245 ## - TITLE STATEMENT
Title Employees Dress Codes-The Changing HR Norms
Statement of responsibility, etc. ICFAI
250 ## - EDITION STATEMENT
Edition statement HROB 017
260 ## - PUBLICATION, DISTRIBUTION, ETC.
Place of publication, distribution, etc. India
Name of publisher, distributor, etc. ICFAI Center for Management Research
Date of publication, distribution, etc. 2002
300 ## - PHYSICAL DESCRIPTION
Extent 24p
942 ## - ADDED ENTRY ELEMENTS (KOHA)
Institution code [OBSOLETE] NBS
Koha item type Case Studies
Call number prefix 111 ICF
Source of classification or shelving scheme
Holdings
Withdrawn status Lost status Source of classification or shelving scheme Damaged status Not for loan Permanent Location Current Location Date acquired Total Checkouts Full call number Barcode Date last seen Price effective from Koha item type
          Central Library (CL) Central Library (CL) 08/28/2013   658 NBS6140 08/28/2013 08/28/2013 Case Studies
© 2023 Central Library, National University of Sciences and Technology. All Rights Reserved.